Normal view
MARC view
Entry Topical Term
001 - CONTROL NUMBER
- control field: 2669
003 - CONTROL NUMBER IDENTIFIER
- control field: BD-RjUL
005 - DATE AND TIME OF LATEST TRANSACTION
- control field: 20220423100055.0
008 - FIXED-LENGTH DATA ELEMENTS
- fixed length control field: 220423|| aca||aabn | a|a d
040 ## - CATALOGING SOURCE
- Original cataloging agency: BD-RjUL
- Transcribing agency: BD-RjUL
150 ## - HEADING--TOPICAL TERM
- Topical term or geographic name entry element: Financial institutions
- General subdivision: Government policy
- Geographic subdivision: Bangladesh
670 ## - SOURCE DATA FOUND
- Source citation: Work cat.: (BD-RjUL)79542: Choudhury, Afrauz Zaman Khan 1819, Bangladesh Shilpa Bank :, 2004